000 00576nam a2200205Ia 4500
003 GCL
008 140319s9999 xx 000 0 ara d
040 _aGCL /
_cGCL
082 0 4 _a332.12
_bز ت
100 1 _aزكريااحمد نصر
245 1 0 _aالتحليل النقدى /
_cزكريااحمد نصر
260 _a[S.N] :
_bدار الكتاب العربى
300 _a412 ص
490 _a
650 0 4 _aالنقود
650 0 4 _aالدخل القومى
650 0 4 _aالبنوك التجارية
650 0 4 _aبنوك التنمية
942 _2ddc
_cBK
999 _c55630
_d55630